000 00778nam a2200265Ia 4500
003 OSt
005 20221005085358.0
006 a|||||r|||| 00| 0
007 ta
008 221004b |||||||| |||| 00| 0 eng d
020 _a0137878621
024 _a17574
037 _cTextual
040 _aCRL
_cCRL
_beng
041 _2eng
_aeng
082 _aF530gE:21, N3
100 _aWatson H. D. Ed.
_9614156
245 0 _aSafety of chemicals in food
_b Chemical contaminants
260 _aNew York
_bEllis Horwood Limited U.S.A.
_c1993
300 _axiv,193p.
_ccm.
490 _aEllis horwood series in food science management and technology.
650 _aTECHNOLOGY
942 _hF530gE:21, N3
_cTEXL
_2cc
999 _c994146
_d994146